| 000 | 00470nam a2200157 i 4500 | ||
|---|---|---|---|
| 001 | 61112 | ||
| 003 | ES-MaACL | ||
| 005 | 20230906164355.0 | ||
| 007 | t| | ||
| 008 | 031110s1971 sp ||||1| spa d | ||
| 100 | 1 |
_aEtayo, Carlos. _948266 |
|
| 245 | 1 | 0 |
_aNaos y carabelas de los descubrimientos y las naves de Colón / _cpor Carlos Etayo. |
| 260 |
_a[Pamplona : _bs.n., _c1971] ( _fAralar) |
||
| 300 |
_a262 p. : _bil. ; _c22 cm. |
||
| 852 |
_aES-MaACL _jC-47489 _bR.78885 |
||
| 999 |
_c61112 _d61112 |
||